Statistics for Malawian Airlines-Lilongwe

Click here to take the quiz!

General Stats

  • This quiz has been taken 24 times
  • The average score is 5 of 6

Answer Stats

Country Airport % Correct
KenyaNairobi
100%
South AfricaJohannesburg
100%
ZimbabweHarare
95%
TanzaniaDar-es-Salaam
89%
ZambiaLusaka
89%
MalawiBlantyre
53%

Score Distribution

Percentile by Number Answered

Percent of People with Each Score

Your Score History

You have not taken this quiz